UM Logo

Business ethics: (Record no. 4487)

MARC details
000 -LEADER
fixed length control field 00563nam a2200169 4500
008 - FIXED-LENGTH DATA ELEMENTS--GENERAL INFORMATION
fixed length control field 160912b xxu||||| |||| 00| 0 eng d
020 ## - INTERNATIONAL STANDARD BOOK NUMBER
International Standard Book Number 061852861X
082 ## - DEWEY DECIMAL CLASSIFICATION NUMBER
Edition number 2005
Classification number DC 174.4
Item number P36b
100 ## - MAIN ENTRY--PERSONAL NAME
9 (RLIN) 14446
Personal name Pelton, Lou E.
245 ## - TITLE STATEMENT
Title Business ethics:
Remainder of title perspectives on corporate responsibility/
Statement of responsibility, etc. Lou E. Pelton and Sheb L. True.
260 ## - PUBLICATION, DISTRIBUTION, ETC. (IMPRINT)
Place of publication, distribution, etc. Boston:
Name of publisher, distributor, etc. Houhton Mifflin,
Date of publication, distribution, etc. c2005.
300 ## - PHYSICAL DESCRIPTION
Extent xiii, 101 pages;
Dimensions 28 cm.
500 ## - GENERAL NOTE
General note Includes bibliographical references.
650 #0 - SUBJECT ADDED ENTRY--TOPICAL TERM
9 (RLIN) 14447
Topical term or geographic name as entry element Business ethics
700 ## - ADDED ENTRY--PERSONAL NAME
9 (RLIN) 14448
Personal name True, Sheb L.
942 ## - ADDED ENTRY ELEMENTS (KOHA)
Source of classification or shelving scheme Dewey Decimal Classification
Koha item type Circulation
Holdings
Withdrawn status Lost status Source of classification or shelving scheme Damaged status Not for loan Collection code Home library Current library Date acquired Total Checkouts Full call number Barcode Date last seen Price effective from Koha item type
    Dewey Decimal Classification     Circulation UM Digos College - LIC UM Digos College - LIC 02/07/2007   DC 174.4 P36b 2005 18948 06/08/2021 09/12/2016 Circulation